Population biology /

Guardado en:
Autor Corporativo: American Mathematical Society.
Otros Autores: Levin, Simon A.
Formato: Libro
Idioma:English
Publicado: Providence, R.I. : American Mathematical Society, c1984.
Series:Proceedings of symposia in applied mathematics ; v. 30.
Proceedings of symposia in applied mathematics. AMS short course lecture notes.
Materias:
Etiquetas: Agregar Etiqueta
Sin Etiquetas, Sea el primero en etiquetar este registro!
LEADER 01545pam a2200277 a 4500
001 MAT.inmabb005430
008 831125s1984####riua#####b####100#0#eng##
005 20171010172506.0
245 0 0 |a Population biology /  |c [edited by Simon A. Levin]. 
260 |a Providence, R.I. :  |b American Mathematical Society,  |c c1984. 
300 |a ix, 101 p. :  |b il. ;  |c 27 cm. 
490 1 |a Proceedings of symposia in applied mathematics,  |x 0160-7634 ;  |v v. 30.  |a AMS short course lecture notes 
500 |a "Lecture notes prepared for the American Mathematical Society short course, population biology, held in Albany, New York, August 6-7, 1983"--T.p. verso. 
504 |a Incluye referencias bibliográficas. 
505 0 |a Mathematical population biology / Simon Levin -- Population dynamics and demography / James Frauenthal -- Some mathematical problems in population genetics / Thomas Nagylaki -- Evolution, game theory and economics / Ethan Akin -- Optimal control and principles in population management / Wayne Getz -- Graph theory, homology, and food webs / George Sugihara. 
510 4 |a MR,  |c 85a:92001 
020 |a 0821800833 
700 1 |a Levin, Simon A. 
710 2 |a American Mathematical Society. 
830 0 |a Proceedings of symposia in applied mathematics ;  |v v. 30. 
830 0 |a Proceedings of symposia in applied mathematics.  |p AMS short course lecture notes. 
650 0 |a Population biology  |x Mathematical models  |x Congresses. 
084 |a *CODIGO*  |2 MR 
010 |a  83021389  
040 |a DLC  |c DLC  |d DLC 
859 |k H  |p PSAPM-30  |b BIB. MATEMATICA